| 000 | 00900nam a2200229 a 4500 | ||
|---|---|---|---|
| 001 | 68635 | ||
| 003 | BD-RjUL | ||
| 005 | 20211209081808.0 | ||
| 008 | 170404s1978 bg |||| |||| 000 0 ben d | ||
| 020 | _c: Tk. 20.00 | ||
| 035 | _a(BD-RjUL)68845 | ||
| 040 |
_aBD-RjUL _bben _cBD-RjUL _dBD-RjUL |
||
| 041 | _aben | ||
| 082 |
_223 _a954.925 _bKUS 1978 |
||
| 245 | 1 | 0 |
_aকুষ্টিয়া : _bইতিহাস- ঐতিহ্য / _cআবুল আহসান চৌধুরী |
| 260 |
_aকুষ্টিয়া : _bসাহিত্য পরিষদ, _c১৯৭৮ [১৩৮৫] |
||
| 300 |
_a২২৪ পৃ. ; _c২৫ সেমি. |
||
| 651 |
_aবাংলাদেশ (কুষ্টিয়া) _xইতিহাস _9203414 |
||
| 651 |
_aBangladesh (Kushtia) _xHistory _9203415 |
||
| 700 | 1 |
_aচৌধুরী, আবুল আহসান _9123660 |
|
| 942 |
_2ddc _cBK |
||
| 999 |
_c68635 _d68635 |
||